header

Compensation of private losses (Record no. 132308)

MARC details
000 -LEADER
fixed length control field 01406nam a2200313 a 4500
245 00 - TITLE STATEMENT
Title Compensation of private losses
260 ## - PUBLICATION, DISTRIBUTION, ETC. (IMPRINT)
Place of publication Munich :
Name of publisher Sellier European Law Publishers,
Year of publication 2011.
300 ## - PHYSICAL DESCRIPTION
Number of Pages xii, 245 p.
505 0# - FORMATTED CONTENTS NOTE
Formatted contents note pt. 1. General aspects of European tort law -- pt. 2. Specific areas of European tort law -- pt. 3. Private versus public enforcement -- pt. 4. Interaction with neighbouring fields -- pt. 5. Panel discussion.
650 #0 - SUBJECT ADDED ENTRY--TOPICAL TERM
Topical Term Torts
Topical Term Liability (Law)
700 1# - ADDED ENTRY--PERSONAL NAME
Personal name Schulze, Reiner.
856 40 - ELECTRONIC LOCATION AND ACCESS
Uniform Resource Identifier http://site.ebrary.com/lib/rucke/Doc?id=10498653

No items available.

© 2026 Rongo University
Contact us: librarian | system librarian | Rongo university